00627nam a2200193Ia 4500008004100000020001800041082001200059100002200071245004100093250000700134260005600141300002300197500001900220600002000239650002000259942000700279952013000286999001700416240925s9999 xx 000 0 und d a9780815383727 a301 JOH aJohnson, Harry M. 0aSociology: a systematic introduction aNA aNew York:bRoutledge Taylor & Francis Groupc,2018. a370p.b0fOriginal aIncludes Index aSocial Sciences aSocial Sciences cBK 001040708SSaUITUbUITUd2019-01-19eAllied Book Companyg1175.20l0o301 JOHpQ13625r2024-09-25 07:16:55w2024-09-25yBK c16124d16124